000 00626nam a2200193 i 4500
001 82444
003 ES-MaACL
005 20250809062551.0
007 t|
008 041110s1933 sp ||||1| spa d
100 1 _aJhering, Rudolf von.
_9128302
245 1 0 _aJurisprudencia en broma y en serio /
_cRudolf von Jhering ; traducción de la 3ª edición alemana por Román Riaza.
260 _aMadrid :
_bRevista de Derecho Privado,
_c1933] (
_fHelénica)
300 _a316 p. ;
_c21 cm.
650 4 _aDerecho-
_xFilosofía
_911620
700 1 _aRiaza, Román.
_996693
852 _aES-MaACL
_jA-1525
999 _c82444
_d82444